000
00415nam a2200145Ia 4500
008
100204s9999 xx 000 0 und d
082
_b
13727
100
_a
जोगळेकर योगिनी
245
_a
सुहृद
260
_b
"उदयदीप प्रकाशन , मुंबई"
_c
1984
300
_a
209
630
_a
सुहृद
730
_a
सुहृद
942
_c
BOOK
999
_c
458159
_d
458156